000 00635nam a22002177a 4500
005 20170124110032.0
010 _aA-820837
020 _c125.00
035 _aA-820837
037 _bCen Lib/Ret
040 _aDPL
_bEN
082 _a336
_bMIT
100 _aMithani, M.
_921853
245 _aPublic finance and international trade /
_cby M. Mithani
260 _aBombay
_bHimalaya Publishing House
_c1995
270 _bBombay
_a"Ramdoot" Dr. Bhalerao Marg, Girgaon
_e400004
300 _a332p.
_c21cm(Hb)
650 _aPublic Finance
_912243
650 _aInternational trade
_94053
942 _2ddc
_cEN
_h336
_mMIT
999 _c127895
_d127895